000 01324nam a2200349 i 4500
001 196854
003 ES-MaACL
005 20250803063110.0
008 010628s2001 sp | ||| ||spa
016 7 _abimoBNE20010592365
_2SpMaBN
017 _aLE 1277-2009
_bOficina Depósito Legal León
020 _a9788481770742
035 _a(OCoLC)434353867
035 _a(SpMaBN)Mimo0001689456
040 _aSpMaBN
_bspa
_cSpMaBN
_erdc
080 _a914.602.51 C.(036)
245 1 0 _aCáceres :
_bpatrimonio de la humanidad /
_c[textos, Equipo de redacción "Lancia"].
250 _aQuinta edición
260 _aLeón (Paseo de Quintanilla, 4) :
_bLancia,
_c[2001].
300 _a78 páginas :
_bilustrado a color, plano ;
_c24 cm
336 _2rdacontent
_atexto
337 _2rdamedia
_asin mediación
338 _2rdacarrier
_avolumen
651 7 _aCáceres-
_vGuías turísticas
_9146016
710 _aEdiciones Lancia
_9239433
852 _aES-MaACL
_cDEPOJ
_jN-10323
_hDonación: José Lázaro García
_xEncuadernación rústica
_9206441
903 _9234219
_aLázaro García, José
_ednr
942 _cMONOGRAFIA
_n0
999 _c196854
_d196854